| 000 | 00344nam a2200145Ia 4500 | ||
|---|---|---|---|
| 008 | 191201s2005 xx 000 0 und d | ||
| 082 |
_a621.313 _bBIE |
||
| 100 | _aBIMBHRA, P S | ||
| 245 | 0 | _aElectrical Machinery | |
| 250 | _a4th Rep | ||
| 260 |
_aN.Delhi _bKhanna Publisher _c2005 |
||
| 300 | _a1060 | ||
| 650 | _aB.Tech(ECE) | ||
| 942 |
_2ddc _cBK |
||
| 999 |
_c906 _d906 |
||